000 00362nam a2200157Ia 4500
008 151213s9999 xx 000 0 und d
100 _aSayed Safiullah
245 _aPoems Unbound
_cSayed Safiullah
250 _a1st
260 _aDhaka
_c1991
300 _a8316 p.
650 _aEnglish
650 _aEnglish
700 _aSayed Safiullah
999 _c4159
_d4159